[Event "Satka Autumn op (Women)"]
[Site "Satka"]
[Date "2015.09.30"]
[Round "9"]
[White "Ovod, Evgenija"]
[Black "Vyalykh, Anastasiya"]
[Result "1-0"]
[WhiteElo "2328"]
[BlackElo "1880"]
[PlyCount "53"]
[EventDate "2015.09.22"]
[EventType "swiss"]
[EventRounds "9"]
[EventCountry "RUS"]
[SourceTitle "CBM 168 Extra"]
[Source "ChessBase"]
[SourceDate "2015.10.29"]
[SourceVersion "1"]
[SourceVersionDate "2015.10.29"]
[SourceQuality "1"]

1. d4 f5 2. c4 Nf6 3. Nc3 e6 4. Qc2 d5 5. Bf4 c6 6. e3 Bd6 7. Bxd6 Qxd6 8. Bd3 0-0 9. Nf3 Ne4 10. g4 Nxf2 11. Qxf2 fxg4 12. Bxh7+ Kxh7 13. Qh4+ Kg8 14. Ng5 Rf5 15. Qh7+ Kf8 16. Qh8+ Ke7 17. Qxc8 Qd7 18. Qxd7+ Nxd7 19. h4 gxh3 20. Nxh3 Rh8 21. Ke2 dxc4 22. Nf4 Rxh1 23. Rxh1 Nf6 24. Rg1 g5 25. Ng6+ Kf7 26. Ne5+ Ke7 27. e4 1-0

[Event "Satka Autumn op (Women)"]
[Site "Satka"]
[Date "2014.09.23"]
[Round "3"]
[White "Filippova, Darya"]
[Black "Vyalykh, Anastasiya"]
[Result "0-1"]
[WhiteElo "1662"]
[BlackElo "1852"]
[PlyCount "74"]
[EventDate "2014.09.21"]
[EventType "swiss"]
[EventRounds "9"]
[EventCountry "RUS"]
[SourceTitle "CBM 162 Extra"]
[Source "ChessBase"]
[SourceDate "2014.10.17"]
[SourceVersion "1"]
[SourceVersionDate "2014.10.17"]
[SourceQuality "1"]

1. c4 c5 2. Nc3 Nf6 3. g3 d5 4. cxd5 Nxd5 5. Bg2 Nxc3 6. bxc3 e5 7. Qa4+ Qd7 8. Qc2 Nc6 9. Nf3 Rb8 10. 0-0 Be7 11. Rd1 0-0 12. Bb2 Bf6 13. d4 cxd4 14. cxd4 Nxd4 15. Nxd4 exd4 16. e3 Qb5 17. Bxd4 Bf5 18. Qc7 Rfc8 19. Qf4 Bc2 20. Rd2 Bxd4 21. Qxd4 h6 22. Qd7 Qb2 23. Re1 Rd8 24. Qxd8+ Rxd8 25. Rxd8+ Kh7 26. Rc8 b5 27. e4 b4 28. e5 Bf5 29. Rcc1 Qxa2 30. Ra1 Qd2 31. Red1 Qc2 32. Rdc1 Qb2 33. Re1 b3 34. Bd5 Qc3 35. Bxb3 Qxb3 36. Rxa7 Bh3 37. f4 Qb6+ 0-1

[Event "Satka Autumn op (Women)"]
[Site "Satka"]
[Date "2014.09.22"]
[Round "2"]
[White "Vyalykh, Anastasiya"]
[Black "Belova, Olga"]
[Result "1/2-1/2"]
[WhiteElo "1852"]
[BlackElo "2080"]
[PlyCount "80"]
[EventDate "2014.09.21"]
[EventType "swiss"]
[EventRounds "9"]
[EventCountry "RUS"]
[SourceTitle "CBM 162 Extra"]
[Source "ChessBase"]
[SourceDate "2014.10.17"]
[SourceVersion "1"]
[SourceVersionDate "2014.10.17"]
[SourceQuality "1"]

1. d4 Nf6 2. Nf3 e6 3. e3 b6 4. Bd3 Bb7 5. 0-0 d5 6. b3 Bd6 7. c4 0-0 8. Bb2 Nbd7 9. Nc3 c5 10. cxd5 exd5 11. Rc1 Re8 12. Ne2 Ne4 13. Ng3 Rc8 14. Nf5 Bf8 15. Ne5 Nxe5 16. dxe5 g6 17. Bxe4 dxe4 18. Nd6 Bxd6 19. Qxd6 Qxd6 20. exd6 Re6 21. Rfd1 Rd8 22. b4 Rexd6 23. Rxd6 Rxd6 24. bxc5 bxc5 25. Ba3 Rd2 26. Bxc5 Rxa2 27. Bd4 Ra6 28. Rb1 Bc8 29. h3 Kf8 30. Rb8 Rc6 31. Bxa7 Ke7 32. Rb4 Re6 33. Kh2 Ba6 34. Kg3 h6 35. f3 Bd3 36. Rb7+ Ke8 37. Rb8+ Ke7 38. Bc5+ Kf6 39. Rb7 Rc6 40. Bd4+ Ke6 1/2-1/2

[Event "Satka Summer op"]
[Site "Satka"]
[Date "2014.07.07"]
[Round "7"]
[White "Vyalykh, Anastasiya"]
[Black "Korol, Vladimir"]
[Result "1/2-1/2"]
[WhiteElo "1862"]
[BlackElo "2176"]
[PlyCount "80"]
[EventDate "2014.07.02"]
[EventType "swiss"]
[EventRounds "9"]
[EventCountry "RUS"]
[SourceTitle "CBM 161 Extra"]
[Source "ChessBase"]
[SourceDate "2014.08.29"]
[SourceVersion "1"]
[SourceVersionDate "2014.08.29"]
[SourceQuality "1"]

1. d4 Nf6 2. Nf3 e6 3. e3 c5 4. c4 cxd4 5. exd4 d5 6. Nc3 Be7 7. Bg5 0-0 8. Be2 h6 9. Bh4 Nbd7 10. cxd5 Nxd5 11. Bxe7 Nxe7 12. d5 exd5 13. Nxd5 Qa5+ 14. Nc3 Nf6 15. 0-0 Ng6 16. Bc4 a6 17. Re1 b5 18. Bb3 Bb7 19. Ne5 Nxe5 20. Rxe5 Qc7 21. Qe2 Rfe8 22. Re1 Kf8 23. f3 Rad8 24. Rxe8+ Rxe8 25. Qd2 Qb6+ 26. Kf1 Rxe1+ 27. Qxe1 a5 28. Qf2 Qc7 29. Qe3 b4 30. Ne2 Ba6 31. Kf2 Bxe2 32. Kxe2 Qxh2 33. Qc5+ Kg8 34. Kf2 Qh4+ 35. Kg1 g5 36. Qe7 Qd4+ 37. Kh1 Qh4+ 38. Kg1 Qd4+ 39. Kh1 Qh4+ 40. Kg1 Qd4+ 1/2-1/2

[Event "Satka-ch Rating"]
[Site "Satka"]
[Date "2013.12.17"]
[Round "7"]
[White "Vyalykh, Anastasiya"]
[Black "Mukhina, Jana"]
[Result "1/2-1/2"]
[WhiteElo "1825"]
[BlackElo "1862"]
[PlyCount "49"]
[EventDate "2013.12.09"]
[EventType "swiss"]
[EventRounds "9"]
[EventCountry "RUS"]
[SourceTitle "EXT 2016"]
[Source "ChessBase"]
[SourceDate "2015.10.08"]
[SourceVersion "1"]
[SourceVersionDate "2015.10.08"]
[SourceQuality "1"]

1. d4 d5 2. Nf3 Nf6 3. e3 e6 4. Bd3 c5 5. b3 cxd4 6. exd4 Be7 7. 0-0 0-0 8. c4 b6 9. Bb2 Bb7 10. Nbd2 Bb4 11. Ne5 Bxd2 12. Qxd2 Nc6 13. Rac1 Nxe5 14. dxe5 Nd7 15. Rfd1 Nc5 16. Qc2 Qg5 17. Qd2 Qxd2 18. Rxd2 Nxd3 19. Rxd3 dxc4 20. bxc4 Rfd8 21. Rd6 Rdc8 22. Ba3 Rc6 23. c5 bxc5 24. Rxc5 Rxc5 25. Bxc5 1/2-1/2

[Event "Satka Autumn op (Women)"]
[Site "Satka"]
[Date "2013.09.11"]
[Round "9"]
[White "Vanishvili, Mari"]
[Black "Vyalykh, Anastasiya"]
[Result "0-1"]
[WhiteElo "1834"]
[BlackElo "1798"]
[PlyCount "102"]
[EventDate "2013.09.03"]
[EventType "swiss"]
[EventRounds "9"]
[EventCountry "RUS"]
[SourceTitle "CBM 156 Extra"]
[Source "ChessBase"]
[SourceDate "2013.10.22"]
[SourceVersion "1"]
[SourceVersionDate "2013.10.22"]
[SourceQuality "1"]

1. e4 c5 2. Nf3 d6 3. d4 cxd4 4. Nxd4 Nf6 5. Nc3 a6 6. Be3 e6 7. Qd2 b5 8. f3 Bb7 9. 0-0-0 Be7 10. g4 Nc6 11. h4 Rc8 12. g5 Nd7 13. Bh3 Nc5 14. Nce2 Ne5 15. Nf4 Nc4 16. Qe2 Nxe3 17. Qxe3 e5 18. Nh5 g6 19. Nf6+ Bxf6 20. gxf6 Rc7 21. Ne2 Qxf6 22. h5 b4 23. Bg4 Bc8 24. Qd2 Bxg4 25. fxg4 b3 26. Qa5 Rc8 27. Nc3 Qf4+ 28. Kb1 bxc2+ 29. Kxc2 0-0 30. hxg6 hxg6 31. Kb1 Nxe4 32. Nd5 Qg5 33. Qe1 Nc5 34. Qf1 Kg7 35. Nf6 Rh8 36. Rxh8 Rxh8 37. Rxd6 e4 38. Qe1 Qe5 39. Qc3 Qxc3 40. bxc3 e3 41. Kc2 Ne6 42. Ne4 Rh2+ 43. Kd1 Rxa2 44. Ng3 Nf4 45. c4 e2+ 46. Nxe2 Rxe2 47. Rxa6 Re4 48. c5 Ne6 49. c6 Rxg4 50. Kd2 Rc4 51. Kd3 Rc5 0-1

[Event "Satka Autumn op (Women)"]
[Site "Satka"]
[Date "2013.09.10"]
[Round "8"]
[White "Vyalykh, Anastasiya"]
[Black "Trapeznikova, Darya"]
[Result "0-1"]
[WhiteElo "1798"]
[BlackElo "2063"]
[PlyCount "84"]
[EventDate "2013.09.03"]
[EventType "swiss"]
[EventRounds "9"]
[EventCountry "RUS"]
[SourceTitle "CBM 156 Extra"]
[Source "ChessBase"]
[SourceDate "2013.10.22"]
[SourceVersion "1"]
[SourceVersionDate "2013.10.22"]
[SourceQuality "1"]

1. e4 e6 2. d4 d5 3. exd5 exd5 4. Nf3 Bd6 5. Nc3 Ne7 6. Bd3 Bg4 7. h3 Bh5 8. Qe2 c6 9. Bd2 Nd7 10. g4 Bg6 11. Bxg6 hxg6 12. Ne5 Qb6 13. Nxd7 Kxd7 14. Qd3 Rae8 15. 0-0-0 Ng8 16. g5 Ne7 17. Na4 Qc7 18. Nc5+ Kc8 19. Qa3 Qb8 20. Qf3 Nf5 21. c3 Bxc5 22. dxc5 Qc7 23. Kb1 Qe7 24. b4 Qe4+ 25. Qxe4 Rxe4 26. Rde1 Reh4 27. Kc1 Kd7 28. a4 Rxh3 29. Rxh3 Rxh3 30. b5 Rh4 31. f4 Ng3 32. Kc2 Ne4 33. Be3 Ke6 34. Kd3 Rh2 35. Rb1 Rh3 36. c4 Nxc5+ 37. Kd4 Kd6 38. cxd5 cxd5 39. f5 Rh4+ 40. Kc3 gxf5 41. a5 Rh3 42. Kd2 Ne4+ 0-1

[Event "Satka Autumn op (Women)"]
[Site "Satka"]
[Date "2013.09.07"]
[Round "5"]
[White "Krotiuk, Daria"]
[Black "Vyalykh, Anastasiya"]
[Result "1/2-1/2"]
[WhiteElo "1907"]
[BlackElo "1798"]
[PlyCount "99"]
[EventDate "2013.09.03"]
[EventType "swiss"]
[EventRounds "9"]
[EventCountry "RUS"]
[SourceTitle "CBM 156 Extra"]
[Source "ChessBase"]
[SourceDate "2013.10.22"]
[SourceVersion "1"]
[SourceVersionDate "2013.10.22"]
[SourceQuality "1"]

1. e4 c5 2. Nf3 d6 3. d4 cxd4 4. Nxd4 Nf6 5. Bd3 Nc6 6. Nf3 Bg4 7. h3 Bh5 8. Nc3 a6 9. Be3 Ne5 10. Be2 Nxf3+ 11. Bxf3 Bxf3 12. Qxf3 g6 13. e5 dxe5 14. Qxb7 Qc8 15. Qb3 Qc6 16. 0-0 Bg7 17. Qa4 Qxa4 18. Nxa4 Rb8 19. Rab1 0-0 20. c4 Rfc8 21. Rfc1 e6 22. b4 Bf8 23. a3 Be7 24. Bc5 Kf8 25. Bxe7+ Kxe7 26. Nc5 Rb6 27. Nd3 e4 28. c5 Rbb8 29. Ne5 Nd5 30. Nc4 Rc7 31. Nd6 f5 32. Rc4 Nf6 33. a4 Ne8 34. Nxe8 Kxe8 35. b5 axb5 36. axb5 Kd8 37. Kf1 Kc8 38. c6 Rb6 39. Ke2 Ra7 40. Rb2 Ra3 41. Kd2 Rd3+ 42. Kc2 g5 43. Ra4 Rd5 44. Rab4 e5 45. Kc3 Rc5+ 46. Kd2 h5 47. f3 exf3 48. gxf3 Kc7 49. Ke2 Rb8 50. Ke3 1/2-1/2

[Event "Satka Summer op"]
[Site "Satka"]
[Date "2013.07.09"]
[Round "9"]
[White "Ivanov, Stepan"]
[Black "Vyalykh, Anastasiya"]
[Result "1-0"]
[WhiteElo "2021"]
[BlackElo "1779"]
[PlyCount "117"]
[EventDate "2013.07.02"]
[EventType "swiss"]
[EventRounds "9"]
[EventCountry "RUS"]
[SourceTitle "EXT 2014"]
[Source "ChessBase"]
[SourceDate "2013.11.20"]
[SourceVersion "1"]
[SourceVersionDate "2013.11.20"]
[SourceQuality "1"]

1. d4 Nf6 2. c4 g6 3. g3 Bg7 4. Bg2 d6 5. Nc3 c6 6. Nf3 0-0 7. 0-0 Nh5 8. e4 e5 9. Be3 Nd7 10. b3 exd4 11. Nxd4 Ne5 12. f3 Qe7 13. Qd2 Re8 14. Rad1 Rd8 15. Bg5 f6 16. Be3 Bh8 17. Qf2 Ng7 18. h3 f5 19. f4 Nf7 20. Rfe1 fxe4 21. Nxe4 Nf5 22. Nxf5 Bxf5 23. Bxa7 Qd7 24. Bd4 Bxe4 25. Rxe4 Bxd4 26. Qxd4 Re8 27. Rde1 Rxe4 28. Qxe4 Kf8 29. Re2 Qc7 30. h4 Qd7 31. Kh2 Nh6 32. Bh3 Qf7 33. Qd4 Rd8 34. Qh8+ Ng8 35. Be6 Qg7 36. Qxg8+ Qxg8 37. Bxg8 Kxg8 38. Re7 b5 39. cxb5 cxb5 40. Re4 Rc8 41. a4 bxa4 42. bxa4 Rc5 43. Rd4 d5 44. Kg2 Kf7 45. Rd3 Ke6 46. Ra3 Ra5 47. Kf3 h5 48. Ke3 Kf6 49. Kd4 Kf5 50. Kd3 Ke6 51. Kc3 Rc5+ 52. Kb4 Rc1 53. a5 Rb1+ 54. Kc3 Kd6 55. a6 Rb8 56. a7 Ra8 57. Kd4 Ke6 58. Ra6+ Kf5 59. Kxd5 1-0

[Event "Satka Summer op"]
[Site "Satka"]
[Date "2013.07.05"]
[Round "4"]
[White "Vyalykh, Anastasiya"]
[Black "Akhunova, Syumbel"]
[Result "1-0"]
[WhiteElo "1779"]
[BlackElo "1842"]
[PlyCount "151"]
[EventDate "2013.07.02"]
[EventType "swiss"]
[EventRounds "9"]
[EventCountry "RUS"]
[SourceTitle "EXT 2014"]
[Source "ChessBase"]
[SourceDate "2013.11.20"]
[SourceVersion "1"]
[SourceVersionDate "2013.11.20"]
[SourceQuality "1"]

1. e4 e5 2. Nf3 Nc6 3. Bb5 a6 4. Ba4 Nf6 5. 0-0 Be7 6. Re1 b5 7. Bb3 0-0 8. h3 Bb7 9. c3 d6 10. d4 Re8 11. Nbd2 Bf8 12. Bc2 h6 13. d5 Nb8 14. Nf1 Nbd7 15. Ng3 g6 16. h4 Bg7 17. Nh2 Nh7 18. h5 Qe7 19. hxg6 fxg6 20. Ng4 Qf8 21. Re3 Ng5 22. Re2 Nf7 23. Re3 Nf6 24. Nxf6+ Bxf6 25. Qg4 Qg7 26. Ne2 h5 27. Qg3 Nh6 28. f3 h4 29. Qf2 Rf8 30. c4 Bd8 31. Rb3 c6 32. cxb5 cxb5 33. Qe3 Kh7 34. Bd2 Rb8 35. Kh1 Bc8 36. Bb4 Qe7 37. a4 Bb6 38. Qd2 h3 39. axb5 axb5 40. g3 Nf7 41. f4 Nh6 42. Rf1 Ng4 43. Rbf3 Nh6 44. f5 gxf5 45. exf5 Rf6 46. Nc3 Nf7 47. Ne4 Bd7 48. g4 Rg8 49. Rxh3+ Kg7 50. Nxf6 Qxf6 51. Kg2 Kf8 52. Bd1 Ng5 53. Rh5 Be8 54. Rh2 Bd4 55. Rfh1 Nf7 56. Rh5 e4 57. Bc3 Be5 58. Qe3 Bxc3 59. Qxc3 Ne5 60. Rh6 Qg5 61. Rh8 Rxh8 62. Rxh8+ Kf7 63. Kg3 Qg7 64. Rh4 Bd7 65. Qc7 Ke7 66. Qc3 Bxf5 67. Qe3 Bd7 68. Qxe4 Kd8 69. Be2 Qg5 70. Qd4 Qc1 71. Rh8+ Ke7 72. Rh7+ Ke8 73. Rh8+ Ke7 74. Qf2 Nf7 75. Rh7 Be8 76. Bxb5 1-0

[Event "Satka Summer op"]
[Site "Satka"]
[Date "2013.07.04"]
[Round "3"]
[White "Khazov, Anton"]
[Black "Vyalykh, Anastasiya"]
[Result "1-0"]
[WhiteElo "1976"]
[BlackElo "1779"]
[PlyCount "57"]
[EventDate "2013.07.02"]
[EventType "swiss"]
[EventRounds "9"]
[EventCountry "RUS"]
[SourceTitle "EXT 2014"]
[Source "ChessBase"]
[SourceDate "2013.11.20"]
[SourceVersion "1"]
[SourceVersionDate "2013.11.20"]
[SourceQuality "1"]

1. Nf3 Nf6 2. g3 g6 3. Bg2 c6 4. 0-0 Bg7 5. c4 0-0 6. d3 d6 7. Nc3 e5 8. Qc2 Nh5 9. b4 f5 10. Rb1 f4 11. Ne4 Nf6 12. c5 Nxe4 13. dxe4 d5 14. Rd1 Be6 15. Bb2 d4 16. e3 fxe3 17. fxe3 Bg4 18. Qe2 Na6 19. exd4 Bxf3 20. Bxf3 exd4 21. Qc4+ Kh8 22. Rxd4 Qe7 23. Bg4 Rad8 24. Rbd1 h5 25. Rd7 hxg4 26. Bxg7+ Qxg7 27. Rxd8 Rxd8 28. Rxd8+ Kh7 29. Qd4 1-0

[Event "Satka Autumn op (Women)"]
[Site "Satka"]
[Date "2012.09.26"]
[Round "6"]
[White "Vyalykh, Anastasiya"]
[Black "Mirzaeva, Gulnara"]
[Result "1/2-1/2"]
[WhiteElo "1793"]
[BlackElo "1780"]
[PlyCount "119"]
[EventDate "2012.09.20"]
[EventType "swiss"]
[EventRounds "9"]
[EventCountry "RUS"]
[SourceTitle "CBM 150 Extra"]
[Source "ChessBase"]
[SourceDate "2012.10.19"]
[SourceVersion "1"]
[SourceVersionDate "2012.10.19"]
[SourceQuality "1"]

1. e4 e5 2. Nf3 Nc6 3. Bb5 a6 4. Ba4 Nf6 5. 0-0 b5 6. Bb3 Bc5 7. c3 d6 8. Re1 0-0 9. a4 Bg4 10. h3 Bh5 11. d3 Qd7 12. Bg5 Ne7 13. Nbd2 Bg6 14. Nf1 h6 15. Bh4 Bh7 16. Bxf6 gxf6 17. Qd2 Kg7 18. d4 exd4 19. cxd4 Bb6 20. Ng3 Bg6 21. Qf4 c5 22. e5 fxe5 23. dxe5 Bc7 24. Qf6+ Kh7 25. exd6 Ng8 26. Qc3 Bxd6 27. Rad1 Qc7 28. Ne4 Be7 29. axb5 axb5 30. Bd5 Ra6 31. Qb3 Rb6 32. Qe3 Nf6 33. Neg5+ hxg5 34. Nxg5+ Kg7 35. Qxe7 Qxe7 36. Rxe7 Rd6 37. Ne6+ Kg8 38. Nxf8 Kxf8 39. Re5 Bc2 40. Rc1 Nd7 41. Ree1 Bd3 42. Be4 Bc4 43. Red1 Rxd1+ 44. Rxd1 Ke7 45. f4 Nf6 46. Bf3 Bb3 47. Rd2 b4 48. g4 c4 49. Bd1 Ba2 50. g5 Nd7 51. f5 Nc5 52. Be2 Ne4 53. Rd4 Nxg5 54. h4 c3 55. bxc3 bxc3 56. hxg5 c2 57. f6+ Ke6 58. Bc4+ Ke5 59. Rd5+ Kf4 60. Rf5+ 1/2-1/2

[Event "Satka Autumn op (Women)"]
[Site "Satka"]
[Date "2012.09.25"]
[Round "5"]
[White "Litvinenko, Ekaterina"]
[Black "Vyalykh, Anastasiya"]
[Result "1/2-1/2"]
[WhiteElo "1954"]
[BlackElo "1793"]
[PlyCount "98"]
[EventDate "2012.09.20"]
[EventType "swiss"]
[EventRounds "9"]
[EventCountry "RUS"]
[SourceTitle "CBM 150 Extra"]
[Source "ChessBase"]
[SourceDate "2012.10.19"]
[SourceVersion "1"]
[SourceVersionDate "2012.10.19"]
[SourceQuality "1"]

1. e4 e5 2. Nf3 Nc6 3. Bb5 a6 4. Ba4 Nf6 5. 0-0 b5 6. Bb3 Bc5 7. c3 d6 8. d4 Bb6 9. dxe5 dxe5 10. Qxd8+ Nxd8 11. Nxe5 Nxe4 12. Bd5 Bb7 13. Bxe4 Bxe4 14. Re1 f5 15. Nd2 0-0 16. Nxe4 fxe4 17. Be3 Bxe3 18. Rxe3 Re8 19. Rxe4 Nf7 20. Rae1 Rxe5 21. Rxe5 Nxe5 22. Rxe5 Rd8 23. Kf1 Rd2 24. Re2 Rd1+ 25. Re1 Rd2 26. Rb1 Kf7 27. g3 Kf6 28. Kg2 c5 29. Kf3 Kf5 30. g4+ Kg6 31. Ke3 Rc2 32. h4 h5 33. g5 Kf5 34. Rd1 Ke6 35. f4 Rxb2 36. Rd8 Rh2 37. Rg8 Kf7 38. Rc8 c4 39. Rc6 Rxh4 40. g6+ Ke7 41. Ke4 Rh1 42. Kf5 Rd1 43. Rxa6 h4 44. Kg4 Rd3 45. Kxh4 Rxc3 46. Rb6 Rc2 47. Rxb5 Kf6 48. f5 Rxa2 49. Kg4 Rg2+ 1/2-1/2

[Event "Satka-ch"]
[Site "Satka"]
[Date "2011.12.29"]
[Round "9"]
[White "Vyalykh, Anastasiya"]
[Black "Mikhailov, Vladimir1111"]
[Result "0-1"]
[WhiteElo "1764"]
[BlackElo "1972"]
[PlyCount "82"]
[EventDate "2011.12.21"]
[EventType "swiss"]
[EventRounds "9"]
[EventCountry "RUS"]
[SourceTitle "CBM 146 Extra"]
[Source "ChessBase"]
[SourceDate "2012.02.29"]
[SourceVersion "1"]
[SourceVersionDate "2012.02.29"]
[SourceQuality "1"]

1. e4 c5 2. g3 Nc6 3. Bg2 g6 4. f4 d6 5. d3 e5 6. Nf3 Bg7 7. c3 Nge7 8. 0-0 0-0 9. Be3 h6 10. Nbd2 Kh7 11. fxe5 dxe5 12. Qe2 b6 13. Nb3 Ba6 14. Rfd1 Qd6 15. Bf1 f5 16. exf5 Nxf5 17. Bf2 Rad8 18. Qe4 Qd5 19. Qxd5 Rxd5 20. Kg2 Rd6 21. g4 Nfe7 22. a4 Rdf6 23. Nbd2 Nd5 24. Kg3 g5 25. a5 bxa5 26. Bxc5 R8f7 27. Re1 Nf4 28. d4 Bxf1 29. Rxf1 exd4 30. Nxd4 Nxd4 31. Bxd4 Ne2+ 32. Kg2 Rxf1 33. Rxf1 Nf4+ 34. Kh1 Bxd4 35. cxd4 Rb7 36. Nc4 a4 37. Rf3 Rd7 38. h3 Rxd4 39. Rc3 Kg7 40. Kh2 Kf6 41. Kg1 Ne2+ 0-1